| 000 | 00579nam a2200217Ia 4500 | ||
|---|---|---|---|
| 003 | LK-CoDNM | ||
| 005 | 20240930122423.0 | ||
| 008 | 010623t1916 xxu||||| |||| 00| 1 eng d | ||
| 040 |
_aLK-CoDNM _dLK-CoDNM _eLK-CoDNM |
||
| 041 | _aeng | ||
| 080 |
_a24 _bK31 |
||
| 245 | _aJournal of the Dutch Burgher Union or Ceylon -1912-1917 | ||
| 260 |
_bAlbion Press _aGalle _c1916 |
||
| 300 | _b150p. : 20 cm | ||
| 490 | _vVolume ix | ||
| 650 | _aDutch | ||
| 650 | _a24K31 | ||
| 650 | _aVolume ix | ||
| 650 | _aJournal of the Dutch Burgher Union or Ceylon -1912-1917 | ||
| 942 | _cBK | ||
| 999 |
_c88715 _d88715 |
||